| 000 | 01010nam a2200265Ia 4500 | ||
|---|---|---|---|
| 003 | OSt | ||
| 005 | 20221005105412.0 | ||
| 006 | a|||||r|||| 00| 0 | ||
| 007 | ta | ||
| 008 | 221004b |||||||| |||| 00| 0 hin d | ||
| 020 |
_a8121404053 (hbk) _cIndian Rupees 125.00 |
||
| 024 | _a27852 | ||
| 037 |
_bGift, 29/09/2016, _cTextual |
||
| 040 |
_aCRL _cCRL _bhin |
||
| 041 |
_2hin _ahin |
||
| 082 | _aO:g(X:3M24), 152N1 | ||
| 100 | _aमिश्र, श्यामसुंदर | ||
| 245 | 0 | _aमार्क्सवादी कला चिंतक और चिंतन | |
| 246 | _aMārksavādī kalā chiantak aur chiantana | ||
| 260 |
_aनई दिल्ली _bनेशनल पब्लिशिंग हाउस भारत _c1991 |
||
| 300 |
_a133पृ0 _ccm. |
||
| 650 | _aहिन्दी साहित्य | ||
| 942 |
_hO:g(X:3M24), 152N1 _cTEXL _2cc |
||
| 999 |
_c1015716 _d1015716 |
||